Métodos de análisis crítico del discurso /

محفوظ في:
التفاصيل البيبلوغرافية
المؤلف الرئيسي: Wodak, Ruth
مؤلفون آخرون: comp. Meyer, Michael comp
التنسيق: نص
منشور في: Barcelona: Gedisa
الموضوعات:
الوسوم: إضافة وسم
لا توجد وسوم, كن أول من يضع وسما على هذه التسجيلة!

MARC

LEADER 00000 a a2200000 04500
001 31079
003
040
020 |a 84-7432-970-1  
090 |a 197303  
100 |a Wodak, Ruth  
245 |a Métodos de análisis crítico del discurso /  |c Ruth Wodak 
260 |a Barcelona:   |b Gedisa  
300 |a 285 p.  
500 |a Traducción de: Methods of Critical Discourse Analysis  
650 |a DISCURSOS  
650 |a ANALISIS DE CONTENIDO  
650 |a METODOLOGIA  
650 |a IDEOLOGIAS  
650 |a PODER POLITICO  
650 |a VALORES SOCIALES  
650 |a TEORIA SOCIAL  
650 |a LINGUISTICA  
700 |a comp.   |a Meyer, Michael   |a comp.  
999 |c 13561  |d 13561